000 00297nam a2200133Ia 4500
008 190216s9999||||xx |||||||||||||| ||und||
100 _aGupta.Dp And Tayal.Ms
245 0 _aTaxonomy Of Angiosperms
250 _a1st Ed.
260 _bNull
_c1970
300 _a136
650 _aBotany
942 _cBK
999 _c1199
_d1199